ਚੋਣਵੀਆਂ ਕਹਾਣੀਆਂ / (Record no. 110346)

MARC details
000 -LEADER
fixed length control field 00890nam a22002537a 4500
005 - DATE AND TIME OF LATEST TRANSACTION
control field 20170123164151.0
010 ## - LIBRARY OF CONGRESS CONTROL NUMBER
LC control number B-082649
020 ## - INTERNATIONAL STANDARD BOOK NUMBER
Terms of availability 22.00
035 ## - SYSTEM CONTROL NUMBER
System control number B-082649
037 ## - SOURCE OF ACQUISITION
Source of stock number/acquisition Cen Lib/Ret
040 ## - CATALOGING SOURCE
Original cataloging agency DPL
Language of cataloging PN
082 ## - DEWEY DECIMAL CLASSIFICATION NUMBER
Classification number
Item number ਭੁੱਲਰ
100 ## - MAIN ENTRY--PERSONAL NAME
Personal name ਭੁੱਲਰ, ਜਸਬੀਰ ਸਿੰਘ
9 (RLIN) 4285
245 ## - TITLE STATEMENT
Title ਚੋਣਵੀਆਂ ਕਹਾਣੀਆਂ /
Statement of responsibility, etc ਜਸਬੀਰ ਸਿੰਘ ਭੁੱਲਰ
246 ## - VARYING FORM OF TITLE
Title proper/short title Chonvian kahanian /
Remainder of title by Jasbir Singh Bhular
260 ## - PUBLICATION, DISTRIBUTION, ETC. (IMPRINT)
Place of publication, distribution, etc ਪੰਜਾਬ
Name of publisher, distributor, etc ਭਾਸ਼ਾ ਵਿਭਾਗ
Date of publication, distribution, etc 1998
270 ## - ADDRESS
City ਪੰਜਾਬ
300 ## - PHYSICAL DESCRIPTION
Extent 166p. :
Dimensions 22cm(Hb)
650 ## - SUBJECT ADDED ENTRY--TOPICAL TERM
Topical term or geographic name as entry element ਸਾਹਿਤ--ਪੰਜਾਬੀ
9 (RLIN) 126085
650 ## - SUBJECT ADDED ENTRY--TOPICAL TERM
Topical term or geographic name as entry element ਪੰਜਾਬੀ -- ਕਵਿਤਾਵਾਂ
9 (RLIN) 126086
650 ## - SUBJECT ADDED ENTRY--TOPICAL TERM
Topical term or geographic name as entry element Literature--Punjabi
9 (RLIN) 126087
650 ## - SUBJECT ADDED ENTRY--TOPICAL TERM
Topical term or geographic name as entry element Punjabi -- Poetry
9 (RLIN) 126088
942 ## - ADDED ENTRY ELEMENTS (KOHA)
Source of classification or shelving scheme Dewey Decimal Classification
Koha item type Punjabi Bks
Classification part
Call number suffix ਭੁੱਲਰ
Holdings
Withdrawn status Lost status Damaged status Not for loan Home library Current library Date acquired Source of acquisition Cost, normal purchase price Total Checkouts Full call number Barcode Date last seen Date checked out Copy number Cost, replacement price Price effective from Koha item type Source of classification or shelving scheme
        Central Library Central Library 19/01/2016 Cen Lib/Ret 22.00 1 ਕ ਭੁੱਲਰ B-082649 28/06/2019 14/06/2019 1 22.00 19/01/2016 Punjabi Bks  
        Central Library Central Library 13/10/2016 Cen Lib/Ret 22.00   ਕ ਭੁੱਲਰ B-082650 13/10/2016   2 22.00 13/10/2016 Punjabi Bks Dewey Decimal Classification

© Delhi Public Library
Hit Counter
free hit counter